[Event "AZE-ch Women 2019"]
[Site "Baku"]
[Date "2019.02.05"]
[Round "2.1"]
[White "Mamedjarova, Turkan"]
[Black "Mammadzada, Gunay"]
[Result "1/2-1/2"]
[WhiteElo "2267"]
[BlackElo "2422"]
[Annotator "TA"]
[PlyCount "103"]
[EventDate "2019.02.04"]
[EventType "swiss"]
[EventCountry "AZE"]
[SourceTitle "playchess.com"]
[Source "ChessBase"]
[SourceQuality "1"]

{[%evp 10,103,2,0,6,0,0,12,10,0,2,8,9,6,17,6,18,28,50,48,104,44,45,56,58,-10,0,0,12,0,0,0,0,0,0,0,0,0,0,0,0,-15,-17,-15,0,-72,0,-6,0,-12,-6,-70,-52,-144,-132,-142,-80,-131,0,-156,-156,-147,-118,-186,-199,-294,-301,-346,-347,-480,-473,-474,-430,-550,-522,-552,-597,-590,-581,-572,-545,-1645,-1626,-1525,-424,-357,0,-1518,-1433,-1297,0,0,0,0,0,0]} 1. d4 ({Predecessor:} 1. c4 c6 2. Nf3 d5 {0-1 (53) Reinderman,D (2584)-Sandipan,C (2568) Dieren 2016}) 1... d5 2. c4 c6 3. Nf3 Nf6 4. Qb3 ({Predecessor:} 4. Qc2 dxc4 {0-1 (53) Reinderman,D (2584)-Sandipan,C (2568) Dieren 2016}) 4... dxc4 5. Qxc4 Bg4 6. Nbd2 Nbd7 $146 {D23: Queen's Gambit Accepted: 3 Nf3 Nf6 sidelines} (6... e6 7. g3 {½-½ (63) Mamedyarov,S (2817)-Gozzoli,Y (2630) chess.com INT 2019}) 7. g3 e6 8. Bg2 Be7 9. O-O O-O 10. Qb3 Qb6 (10... b5 11. h3 Bh5 12. g4 Bg6 13. Nh4 Qb6 14. Nxg6 hxg6 {½-½ (63) Mamedyarov,S (2817)-Gozzoli,Y (2630) chess.com INT 2019}) 11. Nc4 Qa6 12. Bd2 Rac8 13. Rfc1 Ne4 ({Predecessor:} 13... Nb6 14. e3 Nxc4 15. Qxc4 Qxc4 16. Rxc4 {0-1 (53) Reinderman,D (2584)-Sandipan,C (2568) Dieren 2016}) 14. Bf4 Bf5 (14... Rfd8 $14) 15. Nfd2 (15. Nh4 $1 $16) 15... Ndf6 16. Nxe4 Bxe4 17. Bxe4 (17. Bd6 $1 $14 Rce8 18. Bxe4 Nxe4 19. Bxe7 Rxe7 20. Qd3) 17... Nxe4 $11 18. Qf3 Nf6 19. e4 Rfd8 20. Be3 c5 21. dxc5 Bxc5 22. Bxc5 Rxc5 23. Rd1 Rf8 24. e5 Nd5 25. b3 b5 26. Nd6 Qa3 27. Ne4 (27. Rd2 $11) 27... Rc7 (27... Rc2 $17) 28. Qd3 a6 29. Ng5 {[%csl Gg5][%cal Rd3h7]} g6 30. Qe4 ({White should try} 30. Ne4 $11) 30... Qb2 31. Qh4 (31. Rdb1 $15 Qa3 32. Rf1) 31... h5 $17 32. Re1 Rfc8 (32... Rc2 $142 33. Nh3 Rfc8) 33. Rad1 (33. Qe4 $142) 33... Rc2 (33... Qxa2 $17 34. g4 Nc3) 34. Ne4 $2 {[#]} (34. Rxd5 $1 $11 exd5 35. Qf4) 34... Re2 $1 ({Worse is} 34... Qxa2 35. g4 $14) 35. Qg5 {intending Kg2.} Qc2 36. Qh4 (36. Rc1 $17 {is a better defense.}) 36... Kg7 $19 ({Resist} 36... Qxa2 37. g4 $17) 37. Kf1 (37. Nd6 $142 Rf8 38. Ne4) 37... Rxe1+ 38. Rxe1 Qxa2 39. Nf6 {Threatens to win with Nxd5.} Qxb3 40. Kg2 Qc4 41. Re4 Qc6 42. Kh3 Nxf6 43. Qxf6+ {[%mdl 4096] Endgame KQR-KQR} Kg8 44. Rd4 a5 45. Rd8+ Rxd8 46. Qxd8+ {KQ-KQ} Kg7 (46... Kh7 $142 47. Qxa5 Qf3 48. Qxb5 Qxf2) 47. Qf6+ Kg8 $2 (47... Kf8 48. Qd8+ Kg7 49. Qf6+ Kg8 50. Qd8+ Kh7 51. Qxa5 Qf3 52. Qxb5 Qxf2) 48. Qd8+ {[#]} Kh7 $1 49. f4 a4 $2 (49... Qe4 $19 50. Qxa5 b4) 50. Qf8 $1 $11 {The position is equal.} Qe4 {...Qf5+ is the strong threat.} (50... Qb7 $5 51. Kh4 $8 Qf3 52. Qxf7+ {[%mdl 64] Double Attack} Kh6 53. Qf8+ Kh7 54. Qf7+ Kh6 55. Qf8+ Kh7 56. Qf7+ $11) 51. Qxf7+ {[%mdl 64] Double Attack} Kh6 {Hoping for ...Qf5+.} 52. Qf8+ {Accuracy: White = 39%, Black = 59%.} 1/2-1/2

[Event "AZE-ch Women 2019"]
[Site "Baku"]
[Date "2019.02.05"]
[Round "2.2"]
[White "Balajayeva, Khanim"]
[Black "Beydullayeva, Govhar"]
[Result "1/2-1/2"]
[WhiteElo "2397"]
[BlackElo "2239"]
[Annotator "RC"]
[PlyCount "140"]
[EventDate "2019.02.04"]
[EventType "swiss"]
[EventCountry "AZE"]
[SourceTitle "playchess.com"]
[Source "ChessBase"]
[SourceQuality "1"]
[TimeControl "40/5400+30:1800+30"]

1. e4 {[%emt 0:00:00]} c5 {[%emt 0:00:00]} 2. c3 {[%emt 0:00:00]} Nf6 {[%emt 0:00:00]} 3. e5 {[%emt 0:00:00]} Nd5 {[%emt 0:00:00]} 4. d4 {[%emt 0:00:00]} cxd4 {[%emt 0:00:08]} 5. Nf3 {[%emt 0:00:20]} Nc6 {[%emt 0:00:10]} 6. cxd4 {[%emt 0:00:04]} d6 {[%emt 0:00:02]} 7. Bc4 {[%emt 0:00:24]} e6 {[%emt 0:00:31]} 8. O-O {[%emt 0:00:58]} Be7 {[%emt 0:00:27]} 9. Qe2 {[%emt 0:00:53]} O-O {[%emt 0:00:46]} 10. Rd1 {[%emt 0:04:16]} Na5 {[%emt 0:00:19]} 11. b3 {[%emt 0:00:34]} Bd7 {[%emt 0:01:06]} 12. Bxd5 {[%emt 0:04:16]} exd5 {[%emt 0:00:03]} 13. Ba3 {[%emt 0:01:14]} Be6 {[%emt 0:04:45]} 14. Nc3 {[%emt 0:01:42]} a6 {[%emt 0:00:09]} 15. Rac1 {[%emt 0:11:28]} Nc6 {[%emt 0:00:04]} 16. exd6 {[%emt 0:01:28]} Bxd6 {[%emt 0:00:10]} 17. Bxd6 {[%emt 0:00:06]} Qxd6 {[%emt 0:00:02]} 18. Ne5 {[%emt 0:03:52]} Rac8 {[%emt 0:01:52]} 19. Nxc6 {[%emt 0:02:57]} Rxc6 {[%emt 0:07:44]} 20. Na4 {[%emt 0:02:16]} Rfc8 {[%emt 0:04:18]} 21. Rc5 {[%emt 0:04:58]} h6 {[%emt 0:17:32]} 22. Rdc1 {[%emt 0:14:23]} Rxc5 {[%emt 0:07:19]} 23. Nxc5 {[%emt 0:09:19]} b6 {[%emt 0:17:23]} 24. Nd3 {[%emt 0:00:04]} Rxc1+ {[%emt 0:00:42]} 25. Nxc1 {[%emt 0:00:04]} Qf4 {[%emt 0:02:42]} 26. Qe3 {[%emt 0:01:14]} Qxe3 {[%emt 0:00:45]} 27. fxe3 {[%emt 0:00:05]} Kf8 {[%emt 0:03:18]} 28. Kf2 {[%emt 0:02:23]} Ke7 {[%emt 0:00:39]} 29. Ne2 {[%emt 0:04:08]} Bf5 {[%emt 0:03:59]} 30. Nc3 {[%emt 0:00:52]} Kd6 {[%emt 0:00:27]} 31. Kf3 {[%emt 0:02:18]} Bd3 {[%emt 0:04:14]} 32. h4 {[%emt 0:05:33]} Bc2 {[%emt 0:04:57]} 33. b4 {[%emt 0:03:29]} Bd3 {[%emt 0:03:30]} 34. Kf4 {[%emt 0:02:16]} f6 {[%emt 0:09:30]} 35. g3 {[%emt 0:04:55]} Bc2 {[%emt 0:01:07]} 36. Kf3 {[%emt 0:00:32]} Bd3 {[%emt 0:00:12]} 37. Kf2 {[%emt 0:00:18]} Bf5 {[%emt 0:01:52]} 38. Ke2 {[%emt 0:01:24]} Bg4+ {[%emt 0:00:16]} 39. Kd2 {[%emt 0:01:14]} Bf5 {[%emt 0:00:07]} 40. Ne2 {[%emt 0:00:00]} g5 {[%emt 0:00:00]} 41. Nc3 {[%emt 0:03:05]} Bg6 {[%emt 0:06:52]} 42. Ke2 {[%emt 0:01:43]} Bc2 {[%emt 0:06:50]} 43. Kf3 {[%emt 0:01:09]} Bf5 {[%emt 0:00:06]} 44. a3 {[%emt 0:02:58]} Bg6 {[%emt 0:03:02]} 45. hxg5 {[%emt 0:09:01]} hxg5 {[%emt 0:02:21]} 46. Kf2 {[%emt 0:08:39]} g4 {[%emt 0:02:42]} 47. Ke2 {[%emt 0:04:03]} Kc6 {[%emt 0:06:06]} 48. Kd2 {[%emt 0:05:46]} b5 {[%emt 0:01:38]} 49. Ne2 {[%emt 0:00:28]} Be4 {[%emt 0:00:07]} 50. Nc1 {[%emt 0:00:42]} Kb6 {[%emt 0:00:49]} 51. Nb3 {[%emt 0:00:05]} f5 {[%emt 0:00:26]} 52. Nc5 {[%emt 0:00:12]} Ka7 {[%emt 0:00:08]} 53. Kc3 {[%emt 0:00:57]} Kb6 {[%emt 0:00:16]} 54. a4 {[%emt 0:01:27]} Ka7 {[%emt 0:01:27]} 55. a5 {[%emt 0:00:15]} Bf3 {[%emt 0:00:05]} 56. Kd3 {[%emt 0:00:10]} Be4+ {[%emt 0:00:03]} 57. Kd2 {[%emt 0:00:03]} Bf3 {[%emt 0:00:03]} 58. e4 {[%emt 0:05:52]} fxe4 {[%emt 0:03:34]} 59. Ke3 {[%emt 0:00:05]} Bd1 {[%emt 0:00:04]} 60. Kf4 {[%emt 0:00:37]} Bf3 {[%emt 0:00:04]} 61. Nd7 {[%emt 0:00:55]} Kb7 {[%emt 0:00:03]} 62. Ke3 {[%emt 0:00:24]} Bd1 {[%emt 0:00:23]} 63. Nf8 {[%emt 0:03:05]} Kc7 {[%emt 0:01:10]} 64. Ne6+ {[%emt 0:00:10]} Kb7 {[%emt 0:00:05]} 65. Nd8+ {[%emt 0:01:05]} Kc7 {[%emt 0:00:21]} 66. Ne6+ {[%emt 0:00:19]} Kb7 {[%emt 0:00:06]} 67. Kf4 {[%emt 0:00:05]} Bf3 {[%emt 0:00:10]} 68. Nc5+ {[%emt 0:01:07]} Ka7 {[%emt 0:00:04]} 69. Nd7 {[%emt 0:02:12]} Kb7 {[%emt 0:00:09]} 70. Nc5+ {[%emt 0:00:02]} Ka7 1/2-1/2

[Event "AZE-ch Women 2019"]
[Site "Baku"]
[Date "2019.02.05"]
[Round "2.3"]
[White "Mamedjarova, Zeinab"]
[Black "Allahverdiyeva, Ayan"]
[Result "1-0"]
[WhiteElo "2307"]
[BlackElo "2051"]
[Annotator "TA"]
[PlyCount "55"]
[EventDate "2019.02.04"]
[EventType "swiss"]
[EventCountry "AZE"]
[SourceTitle "playchess.com"]
[Source "ChessBase"]
[SourceQuality "1"]

{[%evp 9,55,-5,-4,-4,0,-12,0,0,0,-9,-5,-21,-14,-32,-43,-42,-30,-50,-40,-42,0,0,0,-6,0,0,56,46,71,62,76,61,172,174,188,168,191,58,142,88,84,46,107,140,245,154,147,137]} 1. f4 e6 $146 (1... b6 2. Nf3 Bb7 3. e3 {0-1 (36) Bachler,R (2182)-Halvax,G (2421) Austria 2017}) ({Predecessor:} 1... g6 2. Nf3 Bg7 3. e3 b6 4. Be2 Bb7 5. O-O {½-½ (45) Becker,U (1817)-Pueschel,W (2121) Berlin 2012}) 2. Nf3 b6 3. e3 Bb7 4. Be2 g6 (4... Nf6 5. b3 Be7 6. O-O c5 7. Bb2 O-O 8. Ne5 d6 9. Bf3 Ne4 10. Ng4 f5 11. d3 fxg4 12. Bxe4 d5 13. Qxg4 Bf6 14. Bxh7+ Kxh7 15. Qh3+ Kg8 16. Qxe6+ {0-1 (36) Bachler,R (2182)-Halvax,G (2421) Austria 2017}) 5. O-O Bg7 6. a4 {A02: Bird's Opening} ({Predecessor:} 6. c3 Nf6 7. d3 d5 8. Nbd2 O-O 9. Ne5 c5 10. g4 Nc6 11. Nxc6 Bxc6 {½-½ (45) Becker,U (1817)-Pueschel,W (2121) Berlin 2012}) 6... a5 7. Nc3 Nf6 8. d3 {The position is equal.} d5 9. Ne5 O-O 10. Bf3 Nbd7 11. Ne2 Ne8 12. d4 f6 13. Nd3 Nd6 14. b3 Ne4 15. Ba3 Re8 16. c4 Rc8 17. cxd5 exd5 (17... Bxd5 $11 18. Ng3 Nxg3 19. hxg3 c5) 18. f5 $1 $14 c5 19. Ndf4 Nf8 20. Rc1 Qd6 (20... g5 $14) 21. Nc3 $18 gxf5 22. dxc5 bxc5 23. Ncxd5 (23. Bxe4 $18 fxe4 24. Nb5 (24. Nfxd5 Rcd8 $14)) 23... Red8 (23... Ng6 $1 $14) 24. Bxe4 ({White should try} 24. Qc2) 24... fxe4 $16 25. Nc3 Qe5 (25... Qxd1 $14 26. Rcxd1 Rxd1 27. Rxd1 c4) 26. Qe2 Ra8 (26... Ng6 $16) 27. Qc4+ {[%mdl 64] [#] Double Attack} Kh8 28. Qxc5 {Accuracy: White = 48%, Black = 34%.} 1-0

[Event "AZE-ch Women 2019"]
[Site "Baku"]
[Date "2019.02.05"]
[Round "2.4"]
[White "Gasimova, Samra"]
[Black "Hojjatova, Aydan"]
[Result "1-0"]
[WhiteElo "1693"]
[BlackElo "2303"]
[Annotator "TA"]
[PlyCount "81"]
[EventDate "2019.02.04"]
[EventType "swiss"]
[EventCountry "AZE"]
[SourceTitle "playchess.com"]
[Source "ChessBase"]
[SourceQuality "1"]

{[%evp 18,81,56,64,68,41,59,-46,-43,-36,6,-40,-29,-37,-37,-38,-29,-53,-33,-33,-37,-44,-29,-38,-44,-41,-46,-35,-64,-62,0,0,0,0,677,661,1174,1163,1052,1029,862,610,893,877,1667,1714,1677,1629,1581,1487,1423,1354,1440,1455,1419,1306,1675,1614,1722,1562,29954,29963,7033,7412,6299,6283]} 1. d4 e6 $146 (1... Nf6 2. c4 {½-½ (38) Le,T (2475)-Zhou,J (2619) Ho Chi Minh City 2017}) ({Predecessor:} 1... Nf6 2. c4 {1-0 (27) Medic,M (2247)-Bazant,J (2172) Zagreb 2005}) 2. c4 Nf6 3. Nc3 Bb4 4. e3 c5 (4... Bxc3+ 5. bxc3 c5 6. Bd3 d6 7. Ne2 Nc6 8. e4 e5 9. d5 Ne7 10. O-O Ng6 {½-½ (38) Le,T (2475)-Zhou,J (2619) Ho Chi Minh City 2017}) 5. Bd3 Nc6 ({Predecessor:} 5... Bxc3+ 6. bxc3 d6 7. Ne2 Nc6 {1-0 (27) Medic,M (2247)-Bazant,J (2172) Zagreb 2005}) 6. Nge2 d6 7. O-O Bxc3 8. bxc3 e5 9. d5 ({Predecessor:} 9. e4 h6 10. d5 Ne7 11. Ng3 {1-0 (27) Medic,M (2247)-Bazant,J (2172) Zagreb 2005}) 9... Ne7 10. Ng3 Ng6 {E41: Nimzo-Indian: Rubinstein: 4...c5 5 Bd3, including Hübner Variation} 11. e4 h6 (11... Nf4 12. Bxf4 exf4 13. Nh5 Nxh5 14. Qxh5 g6 15. Qh6 Qf6 {½-½ (38) Le,T (2475)-Zhou,J (2619) Ho Chi Minh City 2017}) 12. f4 (12. Bc2 $14) ({Predecessor:} 12. Nf5 O-O 13. Qf3 Re8 14. Re1 Nh7 15. Qg3 Qf6 16. Rb1 b6 17. Qg4 Nf4 18. Bxf4 exf4 19. Qxf4 Bxf5 20. Qxf5 Qxc3 21. Re3 Nf6 22. Qh3 Re7 23. e5 Nxd5 24. Bh7+ Kxh7 25. Rxc3 Nxc3 26. Qxc3 dxe5 27. Rd1 {1-0 (27) Medic,M (2247)-Bazant,J (2172) Zagreb 2005}) 12... exf4 $15 {Black is slightly better.} 13. Bxf4 Ng4 14. Nf5 (14. Be2 $5 {[%cal Re2g4]} N4e5 15. Bd2 $11) 14... Bxf5 $1 15. exf5 Nxf4 16. Rxf4 Ne5 17. Bc2 Kd7 18. Rb1 Kc7 19. Ba4 Qg5 20. Qb3 Rab8 21. Rff1 h5 22. Qb5 h4 {White must now prevent ...h3.} 23. h3 $1 Qe3+ (23... Kc8 $15) 24. Kh1 $11 Qxc3 25. Rfc1 $36 {[%mdl 2048] White is pushing.} Qd2 $2 {[%mdl 8192] [#]} (25... Qa3 $11) 26. Re1 $1 $18 {[%cal Re1e5]} Qxa2 {[#]} 27. Rxe5 $1 {[%csl Ga4][%cal Rb5d7][%mdl 512]} Qxb1+ (27... dxe5 28. Qd7#) 28. Qxb1 dxe5 29. Qe4 {White threatens d6+! and mate.} Kd6 30. Qg4 b5 31. Bxb5 Rxb5 32. cxb5 {[%mdl 4096] Endgame KQ-KR} Rg8 33. Qxh4 Rc8 34. Qc4 Re8 35. Kg1 e4 36. Kf2 Re5 37. g4 Re7 38. h4 f6 39. Qa2 e3+ 40. Ke2 Re4 41. Qxa7 {Accuracy: White = 54%, Black = 55%.} 1-0

[Event "AZE-ch Women 2019"]
[Site "Baku"]
[Date "2019.02.05"]
[Round "2.5"]
[White "Abdulla, Khayala"]
[Black "Mammadova, Gulnar"]
[Result "1/2-1/2"]
[WhiteElo "2243"]
[BlackElo "2368"]
[Annotator "TA"]
[PlyCount "114"]
[EventDate "2019.02.04"]
[EventType "swiss"]
[EventCountry "AZE"]
[SourceTitle "playchess.com"]
[Source "ChessBase"]
[SourceQuality "1"]

{[%evp 17,114,33,68,42,64,77,62,72,75,2,44,52,253,254,241,252,245,239,236,258,248,203,204,200,186,173,180,95,91,89,95,85,75,70,70,61,121,131,125,129,114,123,115,122,122,108,116,104,174,186,209,204,208,200,204,128,128,124,129,129,127,87,90,87,108,92,97,66,66,22,139,97,100,89,188,179,191,181,293,239,213,183,156,8,8,8,8,8,8,8,8,10,25,0,366,366,366,366,366]} 1. e4 g6 2. d4 Bg7 $146 ({Predecessor:} 2... d6 3. Nf3 Bg7 4. Nc3 {0-1 (55) Shashikant,K (2297)-Rahman,Z (2557) Hyderabad 2006}) 3. Nc3 c6 4. Nf3 d6 5. Be2 ({Predecessor:} 5. a4 Nf6 6. Be2 O-O {0-1 (55) Shashikant,K (2297)-Rahman,Z (2557) Hyderabad 2006}) 5... Nf6 6. O-O O-O 7. a4 Nbd7 8. Be3 e5 9. dxe5 dxe5 10. Nd2 {B08: Pirc Defence: Classical System} Ne8 11. Nc4 Nc7 12. a5 {White is slightly better.} Ne6 13. a6 (13. Na4 $16) ({Predecessor:} 13. Na4 Qf6 14. Bg4 Rd8 15. Bxe6 Qxe6 16. Qd3 Bf6 17. Rfd1 b5 18. axb6 axb6 {0-1 (55) Shashikant,K (2297)-Rahman,Z (2557) Hyderabad 2006}) 13... b5 14. Na5 Qc7 $2 {[#]} ({Black should play} 14... Nb8 $1 $14) 15. Nxc6 $1 $18 {[%mdl 512]} Qxc6 16. Bxb5 Qc7 17. Nd5 Qd8 18. Bc6 Bxa6 19. Rxa6 Nb8 20. Bxa8 Nxa6 21. Bc6 Nd4 22. Ba4 (22. Qd3 $18 Nc5 23. Qa3) 22... Nc5 $16 23. c3 Nxe4 24. Nb4 (24. Bxd4 exd4 25. c4 a5 $11) 24... Qb8 25. Nc6 Nxc6 26. Bxc6 Nf6 ({Better is} 26... Nd6 $1 $14) 27. b4 a6 28. Qa4 $36 {[%mdl 2048] White is on the roll.} Ng4 29. Bc5 $1 {And now h3 would win.} (29. Qxa6 $6 e4 $14) 29... e4 {[%csl Gg4][%cal Rb8h2]} 30. g3 Rd8 31. Qxa6 Bxc3 32. Qc4 (32. Bxe4 Bxb4 33. Ba7 Qe5 $11) 32... Qe5 (32... Ne5 $16 33. Qxe4 (33. Qxc3 Nxc6 34. Qc4 Re8 $14) 33... Bxb4) 33. Bxe4 $18 Qh5 {[%csl Gg4][%cal Rh5h2]} 34. h4 Nf6 35. Bg2 Qe5 36. f4 Bd4+ 37. Bxd4 Qxd4+ 38. Qxd4 Rxd4 $16 {[%mdl 4096] Endgame KRB-KRN} 39. b5 {aiming for b6.} Rb4 40. Bc6 $1 Kf8 41. Kg2 Ke7 42. Re1+ Kd6 43. Kf3 h5 (43... Nh5 $1 $11 {remains equal.}) 44. Rd1+ Kc5 45. Rd3 Rb2 {[#]} (45... Ng4 $16) 46. f5 $1 $18 Kc4 {[#]} 47. Ra3 $1 Kb4 (47... gxf5 $142 48. Kf4 Ne4 49. Kxf5 Nc3) 48. Re3 Ng4 49. Re2 Nh2+ 50. Rxh2 (50. Kf2 $1 $16 Ng4+ 51. Ke1 Rb1+ 52. Kd2) 50... Rxh2 $11 51. fxg6 fxg6 $16 {KR-KB} 52. Be4 Kxb5 53. Bxg6 Kc5 54. Bxh5 Kd6 55. Bg6 Rxh4 $2 {[%mdl 8192]} (55... Ke6 $11) 56. gxh4 $18 {h5 would kill now.} Ke6 57. Kf4 {Threatening mate with Kg5.} Kf6 {[%mdl 32768] Accuracy: White = 66%, Black = 49%. . An unexpected result.} 1/2-1/2

[Event "AZE-ch Women 2019"]
[Site "Baku"]
[Date "2019.02.05"]
[Round "2.6"]
[White "Ismayil, Malak"]
[Black "Soyunlu, Narmin"]
[Result "0-1"]
[WhiteElo "1905"]
[BlackElo "2029"]
[Annotator "NA RC"]
[PlyCount "100"]
[EventDate "2019.02.04"]
[EventType "swiss"]
[EventCountry "AZE"]
[SourceTitle "playchess.com"]
[Source "ChessBase"]
[SourceQuality "1"]
[TimeControl "40/5400+30:1800+30"]

{[%evp 21,100,0,0,0,0,-82,-65,-75,-67,-59,-58,-69,-68,-80,-56,-60,-73,-75,-57,-69,32767,-60,-35,-122,32767,32767,-62,-64,-53,-51,-55,-54,-54,-395,-400,-410,-405,-423,-423,-438,-455,-489,-647,32767,32767,-422,-468,-423,-502,-515,-739,-793,-1457,-716,-5461,-1289,-29960,-1433,-29953,-29969,-5531,-5518,-29968,-29972,32767,-29972,-29974,-29964,-29976,-29978,-29978,-29979,-29980,-29984,-29980,-29987,-29979,-29980,-29981,-29981,-29982]} 1. e4 {[%emt 0:00:00]} e5 {[%emt 0:00:00]} 2. Nf3 {[%emt 0:00:00]} Nc6 {[%emt 0:00:00]} 3. Bc4 {[%emt 0:00:00]} Bc5 {[%emt 0:00:00]} 4. c3 {[%emt 0:00:00]} Nf6 {[%emt 0:00:00]} 5. d4 {[%emt 0:00:02]} exd4 {[%emt 0:00:00]} 6. e5 {[%emt 0:00:04]} d5 {[%emt 0:00:00]} 7. Bb5 {[%emt 0:00:04]} Ne4 {[%emt 0:00:00]} 8. cxd4 {[%emt 0:00:03]} Bb6 {[%emt 0:00:00]} 9. Nc3 {[%emt 0:00:34]} O-O {[%emt 0:00:17]} 10. Be3 {[%emt 0:00:29]} f5 {[%emt 0:00:14]} 11. exf6 {[%emt 0:00:48]} Rxf6 {[%emt 0:04:01]} 12. O-O {[%emt 0:10:08]} Bg4 {[%emt 0:05:34]} 13. Nxe4 {[%emt 0:02:01]} (13. Be2 $11) 13... dxe4 {[%emt 0:03:14]} 14. Qb3+ {[%emt 0:00:11]} Be6 {[%emt 0:15:18]} 15. Bc4 {[%emt 0:00:14]} exf3 {[%emt 0:01:36]} 16. Bxe6+ {[%emt 0:00:04]} Kh8 {[%emt 0:00:16]} 17. d5 {[%emt 0:18:09]} fxg2 $1 {[%emt 0:05:59]} 18. Kxg2 {[%emt 0:00:57]} Nd4 {[%emt 0:11:54]} 19. Bxd4 $1 {[%emt 0:08:06]} Bxd4 {[%emt 0:00:06]} 20. f4 {[%emt 0:01:17]} Qd6 {[%emt 0:17:50]} 21. f5 {[%emt 0:05:09]} Raf8 {[%emt 0:07:20]} 22. Rf3 {[%emt 0:12:12]} (22. Rae1 $15) 22... g6 {[%emt 0:06:48]} (22... Rh6 $17 23. Rh3 Rxh3 24. Qxh3 Bxb2) 23. Raf1 {[%emt 0:03:35]} gxf5 {[%emt 0:03:16]} 24. Rxf5 {[%emt 0:05:24]} Rg6+ {[%emt 0:01:32]} 25. Kh1 {[%emt 0:03:55]} Rxf5 {[%emt 0:03:53]} 26. Bxf5 {[%emt 0:00:07]} Rf6 {[%emt 0:03:01]} 27. Qxb7 $2 {[%emt 0:10:49] [#]} ({White should try} 27. Qf3 $15) 27... Qf8 $1 {[%emt 0:03:24]} 28. Qxc7 {[%emt 0:10:26]} Rxf5 {[%emt 0:00:06]} 29. Rxf5 {[%emt 0:00:04]} Qxf5 {[%emt 0:00:04]} 30. Qd8+ {[%emt 0:01:40]} Kg7 {[%emt 0:00:06]} 31. Qe7+ {[%emt 0:00:20]} Qf7 {[%emt 0:02:35]} 32. Qg5+ {[%emt 0:00:07]} Kh8 {[%emt 0:00:33]} 33. h4 {[%emt 0:08:37]} Qf3+ {[%emt 0:00:06]} 34. Kh2 {[%emt 0:00:16]} Bf6 {[%emt 0:00:37]} 35. Qg3 {[%emt 0:00:57]} Qxg3+ {[%emt 0:02:08]} 36. Kxg3 {[%emt 0:00:03]} Bxb2 {[%emt 0:00:06]} 37. Kf4 {[%emt 0:00:54]} Bf6 {[%emt 0:00:04]} 38. h5 {[%emt 0:00:08]} Kg7 {[%emt 0:00:51]} 39. Kf5 {[%emt 0:00:05]} Kf7 {[%emt 0:01:03]} 40. a4 {[%emt 0:00:00]} Bh4 {[%emt 0:00:00]} (40... Ke7 $142 41. d6+ Kf7 42. d7 a6 43. Ke4 Ke6 44. Kd3 Kxd7 45. Kc4 Kd6 46. Kb4 Kc6 47. Kc4 a5 48. h6 Bh8 49. Kb3 Kc5 50. Kc2 Kb4 51. Kd3 Kxa4 52. Kc4 Bb2 53. Kd5 Kb3 54. Ke6 a4 55. Kf7 a3 56. Kg8 a2 57. Kxh7 a1=Q 58. Kg6 Qb1+ 59. Kg5 Qe4 60. h7 Be5 61. Kh5 Qf5+ 62. Kh4 Bf4 63. h8=R Qg5+ 64. Kh3 Qg3#) 41. Kg4 {[%emt 0:01:18]} Be1 {[%emt 0:09:07]} 42. Kf5 {[%emt 0:01:17]} Ke7 {[%emt 0:00:59]} 43. Ke4 {[%emt 0:01:32]} Kd6 {[%emt 0:00:10]} 44. Kd4 {[%emt 0:00:05]} Bf2+ {[%emt 0:00:14]} 45. Kc4 {[%emt 0:00:06]} Bb6 {[%emt 0:00:19]} 46. Kb5 {[%emt 0:00:21]} Kxd5 {[%emt 0:00:27]} 47. a5 {[%emt 0:00:07]} Be3 {[%emt 0:00:20]} 48. a6 {[%emt 0:00:20]} Bb6 {[%emt 0:00:18]} 49. Kb4 {[%emt 0:00:05]} Kc6 {[%emt 0:00:19]} 50. Kc4 {[%emt 0:00:06]} Bc7 {[%emt 0:00:13]} 0-1